| 000 | 01871nam a2200469 i 4500 | ||
|---|---|---|---|
| 001 | 13243 | ||
| 003 | KOSZ 005 | ||
| 005 | 20200428150355.0 | ||
| 008 | 200428s1971 pl a f f 001 0 pol | ||
| 015 | _aPB 1971/1304 | ||
| 040 |
_aWA N _cWA N _dKOSZ 005/RW |
||
| 046 | _k1970 | ||
| 080 | _a621.01 | ||
| 080 | _a678 | ||
| 080 | _a(07) | ||
| 100 | 1 |
_aSurowiak, Wiktor _eAutor |
|
| 245 | 1 | 0 |
_aTworzywa sztuczne w budowie maszyn / _cWiktor Surowiak, Stefan Chudzyński. |
| 250 | _aWydanie 2 rozszerzone i unowocześn. | ||
| 260 |
_aWarszawa : _bWydawnictwa Naukowo-Techniczne, _c1971. |
||
| 300 |
_a526, [11] stron, [1] karta tablic : _bilustracje ; _c25 cm. |
||
| 336 |
_aTekst _btxt _2rdacontent |
||
| 337 |
_aBez urządzenia pośredniczącego _bn _2rdamedia |
||
| 338 |
_aWolumin _bnc _2rdacarrier |
||
| 380 | _aKsiążki | ||
| 380 | _aPublikacje fachowe | ||
| 380 | _aPublikacje dydaktyczne | ||
| 385 |
_mPoziom nauczania _aSzkoły wyższe |
||
| 388 | _a1901-2000 | ||
| 388 | _a1945-1989 | ||
| 490 | 1 | _aTworzywa Sztuczne. | |
| 504 | _aBibliografia przy rozdziałach. Indeks. | ||
| 521 | 8 | _aKsiążka przeznaczona jest dla inżynierów mechaników i chemików-projektantów i konstruktorów maszyn i różnych urządzeń technicznych oraz technologów. Mogą z niej również korzystać słuchacze wyższych uczelni technicznych oraz wszyscy zainteresowani możliwościami stosowania tworzyw sztucznych w technice. | |
| 650 | 7 | _aMaszyny | |
| 650 | 7 | _aTworzywa sztuczne | |
| 655 | 7 | _aPodręcznik | |
| 658 | _aInżynieria i technika | ||
| 700 | 1 |
_aChudzyński, Stefan _eAutor |
|
| 710 | 2 |
_aWydawnictwa Naukowo-Techniczne _4pbl. |
|
| 830 | 0 | _aTworzywa Sztuczne | |
| 856 |
_uhttp://koha.tu.koszalin.pl/cgi-bin/koha/opac-detail.pl?biblionumber=13243 _yKatalog online BPK |
||
| 942 |
_2UKD _cKS |
||
| 999 |
_c13243 _d13243 |
||